| 000 | 00900nam a22002177a 4500 | ||
|---|---|---|---|
| 999 |
_c2362 _d2362 |
||
| 003 | AR-CdUCM | ||
| 008 | 190304b ||||| |||| 00| 0 spa d | ||
| 020 | _a94-7232412-5 | ||
| 040 |
_aMUNICIPALIDAD PROVINCIAL DEL CUSCO _cBIBLIOTECA MUNICIPAL DEL CUSCO |
||
| 082 |
_22ed. _a325.46 / _bF36 |
||
| 100 |
_aFernández-Shaw, Carlos M _98497 |
||
| 245 | _aPresencia española en los Estados Unidos / | ||
| 260 |
_aMadrid : _bCultura Hispánica, _c1987 |
||
| 300 |
_a922 paginas ; _bmapas col. _c24 cm. |
||
| 505 | _aBosquejo histórico de las relaciones hispanoamericanas -- Participación en la guerra de la independencia -- Actividad misional y civilizadora -- Estados de la costa atlántica -- Las dos Virginias, las dos Carolinas y Georgia... | ||
| 650 |
_aEstados Unidos _91805 |
||
| 650 |
_aNorte America _92819 |
||
| 650 |
_aPresencia Española _98498 |
||
| 942 |
_2ddc _cLIBROS |
||
| 945 | _awnts | ||